000 00951nam a22003497a 4500
001 BR2015002261
003 BR-BrBNA
005 20230928104612.0
007 ta
008 230509b bl.||||| |||| 00| 0 por d
040 _aBR-BrBNA
_bpor
_cBiblioteca Nacional de Agricultura
041 _a(Por)
072 _aQ54
_b5212
090 _ 5212 BR2015002261
100 1 _aValadares Filho, S. de C. (ed.)
100 1 _aRocha Júnior, V.R. (ed.)
100 1 _aCappelle, E.R. (ed.)
245 1 _aTabelas brasileiras de composição de alimentos para bovinos
250 1 _a1. ed.
260 3 _aViçosa, MG (Brasil):
_c2002.
300 _a297p.
500 _a3 ref.; 8 tables
650 _aALIMENTO ANIMAL
650 _aRUMINANTE
650 _aBOVINO
650 _aBROMATOLOGIA
650 _aCOMPOSIÇÃO DE ALIMENTO
650 _aVALOR NUTRITIVO
650 _aDIGESTIBILIDADE
909 _a202309
_bLucia
_c55
_dLucia Elande
942 _cBK
999 _c80797
_d80797